[Event "Charlotte op"]
[Site "Charlotte"]
[Date "2024.01.14"]
[Round "3"]
[White "Kogen, Jonathan S"]
[Black "Ligotti, John J"]
[Result "1/2-1/2"]
[WhiteElo "2220"]
[BlackElo "1864"]
[PlyCount "89"]
[EventDate "2024.01.05"]
[EventType "swiss"]
[EventRounds "6"]
[EventCountry "USA"]
[SourceTitle "CB04_2024"]
[SourceDate "2023.10.16"]
[SourceVersion "1"]
[SourceVersionDate "2023.10.16"]
[SourceQuality "1"]

1. d4 Nf6 2. Nf3 d5 3. g3 e6 4. Bg2 Be7 5. 0-0 0-0 6. c4 dxc4 7. Qc2 b6 8. Bg5 Nd5 9. Bxe7 Qxe7 10. Rc1 c5 11. dxc5 Qxc5 12. Ng5 g6 13. Nd2 Ba6 14. Qe4 Qe7 15. Qh4 f6 16. Ngf3 Nd7 17. Nxc4 Rac8 18. Ncd2 Rxc1+ 19. Rxc1 Nc5 20. Nd4 Bb7 21. Ne4 Nxe4 22. Qxe4 Rc8 23. Rxc8+ Bxc8 24. Qc2 Bb7 25. Qa4 a6 26. e3 b5 27. Qa5 Qd6 28. Qd2 Kf7 29. a3 Ke7 30. b4 Qc7 31. Nb3 Nb6 32. Bxb7 Nc4 33. Qd4 Qxb7 34. Qc5+ Kf7 35. Na5 Nxa5 36. bxa5 g5 37. Kf1 Kg6 38. Ke2 Qe4 39. Qb6 Qc4+ 40. Kd2 Qa2+ 41. Ke1 Qb1+ 42. Kd2 Qb2+ 43. Kd1 Qb1+ 44. Kd2 Qb2+ 45. Kd1 1/2-1/2

[Event "Gulf Coast op"]
[Site "Estero"]
[Date "2023.10.14"]
[Round "2"]
[White "Yisrael, Shama"]
[Black "Ligotti, John J"]
[Result "0-1"]
[WhiteElo "1843"]
[BlackElo "1734"]
[PlyCount "128"]
[EventDate "2023.10.13"]
[EventType "swiss"]
[EventRounds "5"]
[EventCountry "USA"]
[SourceTitle "Mega2024 Update 01"]
[Source "Chessbase"]
[SourceDate "2023.11.12"]
[SourceVersion "1"]
[SourceVersionDate "2023.11.12"]
[SourceQuality "1"]

1. e4 e5 2. Nf3 Nf6 3. Nc3 Nc6 4. a3 d5 5. Bb5 Nxe4 6. Qe2 Qd6 7. Nxe4 dxe4 8. Qxe4 Bd7 9. Qe3 0-0-0 10. d3 Nd4 11. Bxd7+ Rxd7 12. 0-0 Nxc2 13. Qxa7 Qa6 14. Qxa6 bxa6 15. Ra2 f6 16. b4 Nd4 17. Nxd4 Rxd4 18. Rd2 Be7 19. Bb2 Rd5 20. d4 exd4 21. Rxd4 Rxd4 22. Bxd4 Rd8 23. Be3 Rd3 24. Ra1 Bd6 25. g3 Be5 26. Ra2 Rb3 27. Bc1 Kb7 28. Rc2 Kb6 29. Be3+ Kb7 30. Bc1 Bc3 31. Kf1 Kb6 32. Ke2 Kb5 33. Kd1 Kc4 34. Re2 Be5 35. Re4+ Kd5 36. Re2 Rd3+ 37. Kc2 Rc3+ 38. Kd1 h5 39. Kd2 Rf3 40. Ke1 Kc4 41. Be3 Kb3 42. Bc1 Rd3 43. Re4 Rc3 44. Kd1 Rc2 45. b5 axb5 46. Rb4+ Kc3 47. Be3 Rb2 48. Rh4 Kd3 49. Rxh5 Rb1+ 50. Bc1 Bb2 51. Rc5 Rxc1+ 52. Rxc1 Bxc1 53. Kxc1 Ke2 54. f4 Kf3 55. Kd2 Kg2 56. g4 Kf3 57. g5 fxg5 58. fxg5 Kg4 59. Ke3 c5 60. Ke4 Kxg5 61. Kd5 c4 62. a4 c3 63. h4+ Kxh4 64. axb5 c2 0-1